000 00919nam a2200241Ia 4500
003 OSt
005 20220923220342.0
006 a|||||r|||| 00| 0
007 ta
008 220922b |||||||| |||| 00| 0 hin d
024 _a186,102
037 _cTextual
040 _aARTS
_cARTS
_bhin
041 _2hin
_ahin
082 _aY7:(G:66), 152L4.1-.2
100 _aजानुड, ब्युदुनर; बनजीर सिंह, अनु.
_9164114
245 0 _aमानव की उत्पत्तियां
246 _aMānav kī utpattiyāan
260 _aलखनऊ
_b उत्तर प्रदेश ग्रंथ अकादमी
_c1973
650 _aभारतीय-लोक साहित्य
942 _hY7:(G:66), 152L4.1-.2
_cTEXL
_2CC
999 _c339347
_d339347